| 000 | 00386 a2200145 4500 | ||
|---|---|---|---|
| 005 | 20250626061242.0 | ||
| 020 | _a0-321-39543-3 | ||
| 082 | _a378.170281 HOL | ||
| 100 | _aHOLSCHUH, J.P | ||
| 245 | _aEffective College Learning | ||
| 260 |
_aNew York _bPearson Longman _c2006 |
||
| 300 |
_axxv; 371Pages; Index _bPictures, illustration _c25cm |
||
| 700 | _aNIST, S.L. | ||
| 942 |
_2ddc _n0 _cBKS |
||
| 999 |
_c5186 _d5186 |
||